|
|
|
|
| LEADER |
00000cam a2200000 7i4500 |
| 001 |
0000013949 |
| 005 |
20080213.0 |
| 008 |
080213 |
| 020 |
|
|
|a 983312867X
|
| 090 |
0 |
0 |
|a 613
|b MUH
|
| 100 |
0 |
|
|a Muhamad Mahmud Abdullah
|
| 245 |
1 |
0 |
|a Ajal :
|b Rahsia panjang umur
|c Muhamad Mahmud Abdullah
|
| 260 |
|
|
|a Kuala Lumpur :
|b Jasmin Enterprise ,
|c 2005
|
| 650 |
|
0 |
|a Aging
|
| 650 |
|
0 |
|a Health
|x Religious aspect
|x Islam
|
| 650 |
|
0 |
|a Longevity
|
| 999 |
|
|
|a 0001006080
|b Book
|c Annual Reports
|e Cawangan Kota Tinggi
|
| 999 |
|
|
|a 0001006081
|b Book
|c Adult Collection
|e Cawangan Mersing
|
| 999 |
|
|
|a 0001006082
|b Book
|c Adult Collection
|e Cawangan Bandar Tenggara
|
| 999 |
|
|
|a 0001007937
|b Book
|c Adult Collection
|e Cawangan Mersing
|
| 999 |
|
|
|a 0001007938
|b Book
|c Adult Collection
|e Perbadanan Perpustakaan Awam Johor
|
| 999 |
|
|
|a 0001007939
|b Book
|c Adult Collection
|e Perbadanan Perpustakaan Awam Johor
|